=LDR 00000nam 2200000 4500 =001 INLIS000000000050687 =005 20170515105206 =035 ##$$a 0010-0517000340 =007 ta =008 170515###########################0###### =020 ##$$a 978 - 602 - 9251 - 11 - 1 =082 ##$$a 823 =084 ##$$a 823 OSM q =100 #$$a Osman, Sam =245 1#$$a Quick silver : $b aliran kekuatan energi kuno /$c Sam Osman =250 ##$$a Cet.1 =260 ##$$a Solo :$b Tiga Serangkai,$c 2011 =300 ##$$a xii, 468 hlm ; $c 20 cm =650 ##$$a NOVEL =990 ##$$a 83958395 =990 ##$$a 83958395 =990 ##$$a 30701055 =990 ##$$a 02201708395 =990 ##$$a 31701056 =990 ##$$a 30701055 =990 ##$$a 31701055 =990 ##$$a 31701056 =990 ##$$a 31701056 =990 ##$$a 31701055